| 000 | 00927nam a22002177a 4500 | ||
|---|---|---|---|
| 999 |
_c6635 _d6635 |
||
| 003 | AR-CdUCM | ||
| 008 | 190318b ||||| |||| 00| 0 spa d | ||
| 040 |
_aMUNICIPALIDAD PROVINCIAL DEL CUSCO _cBIBLIOTECA MUNICIPAL DEL CUSCO |
||
| 041 | _heng | ||
| 082 |
_a541 / _bT48 |
||
| 100 |
_aThompson, J. J. _918660 |
||
| 245 | _aIntroducción a la Energética Química / | ||
| 260 |
_aEspaña : _bAlhambra ; _c1969. |
||
| 300 |
_a151 páginas ; _bDiagramas, tablas, fórmulas, ilustraciones _c20cm |
||
| 440 |
_aColección Exedra - Ciencia, Técnica, Ingeniería _n56 _918661 |
||
| 505 | _aContenido: La fuerza inductora de la reacción química -- Definiciones, convenios y leyes -- La medida de los cambios de calor -- Causas de los cambios de calor -- Causas de los cambios de entropía... | ||
| 650 |
_aQuímica _94512 |
||
| 700 |
_aFenández Fernández, Isabel (traducción) _918662 |
||
| 942 |
_2ddc _cLIBROS |
||
| 945 | _anom | ||